El paquete estadístico R

Saved in:
Bibliographic Details
Main Author: Bouso Freijo, Jesús
Format: Book
Language:Spanish
Published: Madrid, España CIS 2013
Series:Cuadernos Metodológicos. 48
Subjects:
Tags: Add Tag
No Tags, Be the first to tag this record!

MARC

LEADER 00000cam a2200000 a 4500
001 UCF9866
003 CL-VaPUC
005 20220105074329.0
008 131220e20130000sp |||||||||||||||||spa|d
999 |c 354254  |d 354252 
020 |a 9788474766134 
040 |c Pontificia Universidad Católica de Valparaíso 
082 0 4 |a 005.369 BOU 2013  |2 21 
100 0 |a Bouso Freijo, Jesús  |9 572309 
245 1 3 |a El paquete estadístico R 
260 0 3 |a Madrid, España  |b CIS  |c 2013 
300 |a 246 páginas 
490 0 |a Cuadernos Metodológicos.  |v 48 
583 |a last modification  |c 20131220 10:31:00  |k Rodrigo Vera 
650 0 |a Estadística matemática  |9 260028 
650 0 |a Software  |9 387312 
942 |c BK  |2 ddc 
945 |d 20131220 10:31:00  |a cmena 
952 |0 0  |1 0  |2 ddc  |3 erb  |4 0  |6 005_369000000000000_BOU_2013  |7 0  |8 A  |9 460005  |a BIBEDU  |b BIBEDU  |i 5035694  |o 005.369 BOU 2013  |p 5035694  |r 2019-11-23  |t 1  |w 2019-11-23  |y BK  |z Catalogado en:20131220  |k EPE